Cançoner dels Masdovelles : manuscrit no. 11 de la Biblioteca de Catalunya / publicat per R. Aramon i Serra manuscrit no. 11 de la Biblioteca de Catalunya / publicat per R. Aramon i Serra
Descripción Física:
XXXVI, 318 p. : facsímil ; 28 cm
Colección:
Cançoners catalans ; 1
MARC
| LEADER | 00000nam a2200000Ia 4500 | ||
|---|---|---|---|
| 001 | 8048 | ||
| 008 | 160829s1938 xx 000 0 cat d | ||
| 080 | |a M-1-169 | ||
| 245 | |a Cançoner dels Masdovelles : |b manuscrit no. 11 de la Biblioteca de Catalunya / publicat per R. Aramon i Serra | ||
| 260 | |a Barcelona : |b Institut d'Estudis Catalans, Biblioteca de Catalunya, |c 1938 | ||
| 300 | |a XXXVI, 318 p. : |b facsímil ; |c 28 cm | ||
| 490 | |a Cançoners catalans ; 1 | ||
| 650 | |a Cançoner dels Masdovelles |9 31746 | ||
| 650 | |a Poesia catalana |x S. XIV/XV |9 31747 | ||
| 650 | |a Manuscrits catalans (Català antic) |9 22780 | ||
| 700 | |a Aramon i Serra, R. |9 31748 | ||
| 700 | |a Masdovelles (Família) |9 31750 | ||
| 710 | 1 | |a Biblioteca de Catalunya |9 52741 | |
| 710 | 2 | |a Institut d'Estudis Catalans |9 52284 | |
| 901 | |a Arxiu | ||
| 942 | |n 1 | ||
| 952 | |0 0 |1 0 |4 0 |6 M1169 |7 1 |9 45745 |a Arxiu |b Arxiu |d 2016-12-01 |l 0 |o M-1-169 |p 8048 |r 2016-12-01 00:00:00 |w 2016-12-01 |y ARXIU | ||
| 999 | |c 49245 |d 49245 | ||